000 00463nam a2200169 i 4500
001 62230
003 ES-MaACL
005 20230906164630.0
007 t|
008 031119s1797 fr ||||1| lat d
100 1 _aFedro.
_949082
245 1 0 _aFabularum aesopicarum
_b: . Libri quinque /
_cPhoedri, Augusti Liberti.
250 _aNova ed.
260 _aParis :
_bP. Didot,
_c[1797?]
300 _a99 p. ;
_c14 cm.
852 _aES-MaACL
_jR-3198
_xOlim:D-4013
999 _c62230
_d62230